Common Knowledge #16 - Statistics

General Stats
  • This quiz has been taken 1,046 times
  • The average score is 13 of 20
Answer Stats
Hint Answer % Correct
What animal is known to be ‘man’s best friend’? Dog
93%
Which film series stars Johnny Depp as pirate Jack Sparrow? Pirates of the Caribbean
89%
Which American president appears on a one-dollar bill? George Washington
87%
On What Japanese City Was The First Atomic Bomb Dropped? Hiroshima
85%
What color is the "Ex" in FedEx? Orange
82%
What is the powerhouse of the cell? Mitochondria
78%
What geometric shape is generally used for stop signs? Octagon
77%
In which book series does 'Neville Longbottom' appear? Harry Potter
74%
This sport is called the "American pastime"? Baseball
71%
What do you call a cocktail consisting of coconut milk, rum, and pineapple? Pina Colada
68%
Which animal has the scientific name of Canis lupus? Wolf
68%
Who is the mascot for the fast-food chain, KFC? Colonel Sanders
66%
What do doctors look at through an ophthalmoscope? The eye
65%
What item is the werewolf most afraid of? Silver
61%
One of the ancient world wonders, the "Hanging Gardens," was found in which city? Babylon
60%
What is the last letter of the Greek alphabet? Omega
60%
Which programming language shares its name with an island in Indonesia? Java
55%
Where were the 2022 Olympic Winter Games? Beijing
39%
What is the name of Poland in Polish? Polska
38%
Before the 19th Century, the "Living Room" was originally called the? Parlor
18%
No matching quizzes found
Score Distribution
Percent of People with Each Score
Percentile by Number Answered
Your Score History
You have not taken this quiz